| 000 | 01305nam a2200337 a 4500 | ||
|---|---|---|---|
| 001 | ebr10350098 | ||
| 003 | CaPaEBR | ||
| 006 | m u | ||
| 007 | cr cn||||||||| | ||
| 008 | 080710s2008 enka sb 001 0 eng | ||
| 010 | _z 2008030274 | ||
| 015 |
_aGBA8B4381 _2bnb |
||
| 016 | 7 |
_z014765683 _2Uk |
|
| 020 | _z9780566088834 (alk. paper) | ||
| 020 | _z0566088835 (alk. paper) | ||
| 040 |
_aCaPaEBR _cCaPaEBR |
||
| 035 | _a(OCoLC)646871299 | ||
| 050 | 1 | 4 |
_aHF5415.55 _b.L56 2008eb |
| 082 | 0 | 4 |
_a658.8 _222 |
| 100 | 1 | _aLindgreen, Adam. | |
| 245 | 1 | 0 |
_aManaging market relationships _h[electronic resource] : _bmethodological and empirical insights / _cAdam Lindgreen. |
| 260 |
_aFarnham, Surrey, England ; _aBurlington, VT : _bGower Pub., _cc2008. |
||
| 300 |
_axvi, 223 p. : _bill. |
||
| 504 | _aIncludes bibliographical references and index. | ||
| 533 |
_aElectronic reproduction. _bPalo Alto, Calif. : _cebrary, _d2013. _nAvailable via World Wide Web. _nAccess may be limited to ebrary affiliated libraries. |
||
| 650 | 0 | _aRelationship marketing. | |
| 650 | 0 | _aMarketing research. | |
| 655 | 7 |
_aElectronic books. _2local |
|
| 710 | 2 | _aebrary, Inc. | |
| 856 | 4 | 0 |
_uhttp://site.ebrary.com/lib/rucke/Doc?id=10350098 _zAn electronic book accessible through the World Wide Web; click to view |
| 999 |
_c28912 _d28912 |
||